[Event "DEM U16w 2018"]
[Site "Willingen GER"]
[Date "2018.05.25"]
[Round "8"]
[White "Mundt, Alexandra"]
[Black "Gauchel, Verena"]
[Result "1-0"]
[Termination "normal"]
[Board "9"]
[WhiteElo "1578"]
[BlackElo "1502"]
[WhiteClock "00:47:27"]
[BlackClock "00:29:47"]
[PlyCount "95"]
[WhiteFideId "16217276"]
[BlackFideId "12988537"]
[EventCountry "GER"]
[EventRounds "9"]
[EventType "swiss"]
[EventDate "2018.05.19"]

1. Nf3 {[%clk 1:30:58]} 1... Nf6 {[%clk 1:30:55]} 2. c4 {[%clk 1:31:19]} 2...
g6 {[%clk 1:30:58]} 3. g3 {[%clk 1:31:17]} 3... Bg7 {[%clk 1:30:39]} 4. Bg2 {
[%clk 1:31:42]} 4... O-O {[%clk 1:29:51]} 5. O-O {[%clk 1:31:28]} 5... d6 {
[%clk 1:26:39]} 6. d4 {[%clk 1:31:15]} 6... Nc6 {[%clk 1:24:49]} 7. e3 { [%clk
1:30:39]} 7... Bg4 {[%clk 1:23:04]} 8. h3 {[%clk 1:24:23]} 8... Bxf3 { [%clk
1:23:14]} 9. Bxf3 {[%clk 1:24:12]} 9... Qd7 {[%clk 1:22:17]} 10. Bg2 { [%clk
1:24:31]} 10... Na5 {[%clk 1:18:05]} 11. b3 {[%clk 1:23:58]} 11... c5 { [%clk
1:13:51]} 12. Bb2 {[%clk 1:20:40]} 12... Ne8 {[%clk 1:09:40]} 13. Bc3 { [%clk
1:18:30]} 13... Nc6 {[%clk 1:07:05]} 14. dxc5 {[%clk 1:17:00]} 14... Rd8 {[%clk
1:00:47]} 15. Bxg7 {[%clk 1:13:23]} 15... Kxg7 {[%clk 1:01:10]} 16. cxd6 {[%clk
1:13:30]} 16... Nxd6 {[%clk 0:58:17]} 17. Nc3 {[%clk 1:13:52]} 17... b6 {[%clk
0:46:06]} 18. Qe2 {[%clk 1:11:03]} 18... Qc8 {[%clk 0:39:58]} 19. Qb2 { [%clk
1:09:46]} 19... Kg8 {[%clk 0:39:22]} 20. Rfd1 {[%clk 1:05:01]} 20... Nb4 {[%clk
0:28:49]} 21. a3 {[%clk 1:02:46]} 21... Nc6 {[%clk 0:27:42]} 22. Rd2 { [%clk
1:01:59]} 22... Rd7 {[%clk 0:19:23]} 23. Rad1 {[%clk 1:00:44]} 23... Rfd8
{[%clk 0:19:20]} 24. h4 {[%clk 1:00:27]} 24... e6 {[%clk 0:18:33]} 25. Ne2 {
[%clk 0:37:52]} 25... a5 {[%clk 0:12:49]} 26. Qc2 {[%clk 0:34:01]} 26... Ne5 {
[%clk 0:11:48]} 27. Nd4 {[%clk 0:33:03]} 27... a4 {[%clk 0:10:55]} 28. Rc1 {
[%clk 0:29:35]} 28... axb3 {[%clk 0:10:14]} 29. Qxb3 {[%clk 0:29:57]} 29...
Nexc4 {[%clk 0:09:18]} 30. Rdc2 {[%clk 0:30:09]} 30... Rc7 {[%clk 0:08:18]} 31.
Bf1 {[%clk 0:25:05]} 31... e5 {[%clk 0:07:31]} 32. Bxc4 {[%clk 0:24:40]} 32...
exd4 {[%clk 0:06:11]} 33. Bxf7+ {[%clk 0:24:41]} 33... Nxf7 {[%clk 0:05:07]}
34. Rxc7 {[%clk 0:25:02]} 34... Qf5 {[%clk 0:05:18]} 35. e4 {[%clk 0:23:58]}
35... Qf6 {[%clk 0:05:16]} 36. R1c6 {[%clk 0:23:55]} 36... Qg7 {[%clk 0:05:05]}
37. e5 {[%clk 0:22:16]} 37... d3 {[%clk 0:03:16]} 38. Rd6 {[%clk 0:20:00]}
38... Rxd6 {[%clk 0:02:21]} 39. exd6 {[%clk 0:20:22]} 39... Qa1+ { [%clk
0:02:31]} 40. Kg2 {[%clk 0:20:12]} 40... Qf6 {[%clk 0:01:56]} 41. d7 { [%clk
0:18:58]} 41... Kf8 {[%clk 0:30:04]} 42. Qxf7+ {[%clk 0:45:42]} 42... Qxf7
{[%clk 0:29:16]} 43. d8=Q+ {[%clk 0:46:03]} 43... Qe8 {[%clk 0:29:21]} 44.
Qxe8+ {[%clk 0:45:47]} 44... Kxe8 {[%clk 0:29:44]} 45. Rc3 {[%clk 0:46:14]}
45... d2 {[%clk 0:29:33]} 46. Rd3 {[%clk 0:46:40]} 46... d1=Q {[%clk 0:29:21]}
47. Rxd1 {[%clk 0:47:06]} 47... Ke7 {[%clk 0:29:47]} 48. Rb1 {[%clk 0:47:27]}
1-0

[Event "DEM U16w 2018"]
[Site "Willingen GER"]
[Date "2018.05.25"]
[Round "8"]
[White "Kühne, Maria"]
[Black "Puls, Luisa"]
[Result "1/2-1/2"]
[Termination "normal"]
[Board "10"]
[WhiteElo "1614"]
[BlackElo "1408"]
[WhiteClock "00:25:31"]
[BlackClock "00:29:32"]
[PlyCount "85"]
[WhiteFideId "12997412"]
[BlackFideId "16266005"]
[EventCountry "GER"]
[EventRounds "9"]
[EventType "swiss"]
[EventDate "2018.05.19"]

1. e4 {[%clk 1:30:59]} 1... e5 {[%clk 1:30:55]} 2. Bc4 {[%clk 1:31:23]} 2...
Nf6 {[%clk 1:31:19]} 3. d3 {[%clk 1:31:48]} 3... c6 {[%clk 1:31:30]} 4. Qe2 {
[%clk 1:31:26]} 4... Be7 {[%clk 1:30:12]} 5. Nc3 {[%clk 1:28:05]} 5... d5 {
[%clk 1:24:20]} 6. exd5 {[%clk 1:21:58]} 6... cxd5 {[%clk 1:24:10]} 7. Bb5+ {
[%clk 1:19:06]} 7... Bd7 {[%clk 1:20:14]} 8. Bxd7+ {[%clk 1:06:09]} 8... Nbxd7
{[%clk 1:18:41]} 9. Nf3 {[%clk 1:02:28]} 9... Qc7 {[%clk 1:13:35]} 10. d4 {
[%clk 0:48:28]} 10... e4 {[%clk 1:03:46]} 11. Nd2 {[%clk 0:43:24]} 11... Bb4 {
[%clk 0:52:24]} 12. Ndb1 {[%clk 0:43:41]} 12... O-O {[%clk 0:50:16]} 13. O-O {
[%clk 0:42:48]} 13... a6 {[%clk 0:46:44]} 14. Bd2 {[%clk 0:39:02]} 14... Bd6 {
[%clk 0:43:58]} 15. g3 {[%clk 0:37:16]} 15... Qb6 {[%clk 0:42:45]} 16. Bc1 {
[%clk 0:35:16]} 16... Qxd4 {[%clk 0:39:23]} 17. Rd1 {[%clk 0:34:20]} 17... Qe5
{[%clk 0:37:42]} 18. Bf4 {[%clk 0:32:15]} 18... Qe6 {[%clk 0:37:33]} 19. Bxd6 {
[%clk 0:30:58]} 19... Qxd6 {[%clk 0:37:52]} 20. Nxe4 {[%clk 0:22:21]} 20...
Nxe4 {[%clk 0:35:48]} 21. Qxe4 {[%clk 0:22:37]} 21... dxe4 {[%clk 0:35:17]} 22.
Rxd6 {[%clk 0:23:01]} 22... Nf6 {[%clk 0:34:33]} 23. Nc3 {[%clk 0:22:55]} 23...
Rfe8 {[%clk 0:31:33]} 24. Re1 {[%clk 0:23:10]} 24... h6 {[%clk 0:25:51]} 25.
Rd4 {[%clk 0:22:51]} 25... Rac8 {[%clk 0:25:12]} 26. Rd2 {[%clk 0:19:24]} 26...
Rc4 {[%clk 0:22:57]} 27. Ne2 {[%clk 0:12:54]} 27... Ng4 {[%clk 0:19:44]} 28.
Nd4 {[%clk 0:10:03]} 28... e3 {[%clk 0:15:47]} 29. fxe3 {[%clk 0:10:09]} 29...
Rxe3 {[%clk 0:15:36]} 30. Rxe3 {[%clk 0:10:06]} 30... Nxe3 {[%clk 0:15:55]} 31.
c3 {[%clk 0:10:16]} 31... Rc5 {[%clk 0:14:01]} 32. Kf2 {[%clk 0:09:44]} 32...
Nc4 {[%clk 0:12:49]} 33. Re2 {[%clk 0:09:33]} 33... Kf8 {[%clk 0:11:26]} 34.
Ke1 {[%clk 0:09:11]} 34... Ra5 {[%clk 0:10:08]} 35. b3 {[%clk 0:08:20]} 35...
Ne5 {[%clk 0:09:23]} 36. c4 {[%clk 0:07:15]} 36... Ng4 {[%clk 0:08:23]} 37. h3
{[%clk 0:07:18]} 37... Nf6 {[%clk 0:08:02]} 38. Kd1 {[%clk 0:06:15]} 38... Rg5
{[%clk 0:06:17]} 39. g4 {[%clk 0:04:42]} 39... h5 {[%clk 0:05:45]} 40. Nf3 {
[%clk 0:04:13]} 40... Ra5 {[%clk 0:02:59]} 41. g5 {[%clk 0:03:36]} 41... Nd7 {
[%clk 0:30:27]} 42. Ke1 {[%clk 0:28:01]} 42... Rf5 {[%clk 0:29:32]} 43. Kf2 {
[%clk 0:25:31]} 1/2-1/2

[Event "DEM U16w 2018"]
[Site "Willingen GER"]
[Date "2018.05.26"]
[Round "9"]
[White "Könze, Heike"]
[Black "Kobald, Jacqueline"]
[Result "0-1"]
[Termination "normal"]
[Board "1"]
[WhiteElo "1803"]
[BlackElo "1692"]
[WhiteClock "00:36:32"]
[BlackClock "00:14:31"]
[PlyCount "118"]
[WhiteFideId "12964476"]
[BlackFideId "12988162"]
[EventCountry "GER"]
[EventRounds "9"]
[EventType "swiss"]
[EventDate "2018.05.19"]

1. e4 {[%clk 1:30:56]} 1... c5 {[%clk 1:30:53]} 2. Nf3 {[%clk 1:31:19]} 2... e6
{[%clk 1:31:08]} 3. d4 {[%clk 1:31:42]} 3... cxd4 {[%clk 1:31:33]} 4. Nxd4 {
[%clk 1:32:05]} 4... Nc6 {[%clk 1:31:56]} 5. Nc3 {[%clk 1:32:25]} 5... a6 {
[%clk 1:32:07]} 6. Be2 {[%clk 1:32:24]} 6... Qc7 {[%clk 1:31:30]} 7. f4 { [%clk
1:32:30]} 7... d6 {[%clk 1:31:21]} 8. Bf3 {[%clk 1:29:14]} 8... Bd7 { [%clk
1:26:05]} 9. Nb3 {[%clk 1:26:58]} 9... Nf6 {[%clk 1:24:59]} 10. Be3 { [%clk
1:26:09]} 10... b5 {[%clk 1:19:54]} 11. O-O {[%clk 1:22:40]} 11... Be7 { [%clk
1:17:50]} 12. Qe1 {[%clk 1:20:03]} 12... O-O {[%clk 1:16:26]} 13. Qg3 { [%clk
1:18:43]} 13... Rac8 {[%clk 1:16:19]} 14. a3 {[%clk 1:12:49]} 14... Rfe8 {[%clk
1:03:10]} 15. Kh1 {[%clk 1:07:14]} 15... Qb8 {[%clk 0:58:11]} 16. Ne2 { [%clk
0:56:57]} 16... Bf8 {[%clk 0:50:17]} 17. Rfd1 {[%clk 0:52:48]} 17... b4 { [%clk
0:37:46]} 18. a4 {[%clk 0:51:54]} 18... e5 {[%clk 0:28:54]} 19. f5 { [%clk
0:49:16]} 19... Kh8 {[%clk 0:23:03]} 20. Bg5 {[%clk 0:45:17]} 20... Be7 { [%clk
0:22:02]} 21. Rd2 {[%clk 0:45:14]} 21... Nd8 {[%clk 0:16:05]} 22. a5 { [%clk
0:36:47]} 22... Bc6 {[%clk 0:15:27]} 23. Bxf6 {[%clk 0:32:34]} 23... Bxf6
{[%clk 0:15:51]} 24. Rad1 {[%clk 0:32:41]} 24... Nb7 {[%clk 0:15:31]} 25. Ng1 {
[%clk 0:30:00]} 25... Qc7 {[%clk 0:14:51]} 26. Nh3 {[%clk 0:29:37]} 26... Red8
{[%clk 0:14:37]} 27. Nf2 {[%clk 0:27:07]} 27... Nxa5 {[%clk 0:14:18]} 28. Nxa5
{[%clk 0:27:22]} 28... Qxa5 {[%clk 0:14:46]} 29. Rxd6 {[%clk 0:27:07]} 29...
Rxd6 {[%clk 0:14:30]} 30. Rxd6 {[%clk 0:27:28]} 30... Rd8 {[%clk 0:12:50]} 31.
Rxd8+ {[%clk 0:27:30]} 31... Qxd8 {[%clk 0:13:19]} 32. Nd3 {[%clk 0:27:24]}
32... Qd4 {[%clk 0:13:31]} 33. Qe1 {[%clk 0:26:53]} 33... a5 {[%clk 0:13:30]}
34. b3 {[%clk 0:22:58]} 34... g6 {[%clk 0:13:10]} 35. fxg6 {[%clk 0:21:28]}
35... hxg6 {[%clk 0:13:08]} 36. h3 {[%clk 0:21:39]} 36... Kg7 {[%clk 0:12:58]}
37. Qf2 {[%clk 0:21:02]} 37... Qa1+ {[%clk 0:10:45]} 38. Qg1 {[%clk 0:21:07]}
38... Qc3 {[%clk 0:10:49]} 39. Qc5 {[%clk 0:21:07]} 39... Qxc5 {[%clk 0:08:46]}
40. Nxc5 {[%clk 0:21:28]} 40... Bg5 {[%clk 0:06:57]} 41. Nd3 {[%clk 0:18:06]}
41... Kf6 {[%clk 0:04:49]} 42. Kg1 {[%clk 0:17:30]} 42... Ke6 {[%clk 0:03:11]}
43. Kf2 {[%clk 0:16:44]} 43... Kd6 {[%clk 0:02:20]} 44. Nb2 {[%clk 0:15:10]}
44... Kc5 {[%clk 0:27:57]} 45. Nc4 {[%clk 0:45:39]} 45... a4 {[%clk 0:28:13]}
46. Nxe5 {[%clk 0:42:49]} 46... a3 {[%clk 0:27:13]} 47. Nd3+ {[%clk 0:43:10]}
47... Kb5 {[%clk 0:21:08]} 48. c4+ {[%clk 0:40:58]} 48... bxc3 {[%clk 0:19:51]}
49. Ne1 {[%clk 0:40:37]} 49... a2 {[%clk 0:17:35]} 50. Nc2 {[%clk 0:40:39]}
50... Bc1 {[%clk 0:17:15]} 51. Ke2 {[%clk 0:40:56]} 51... Bb2 {[%clk 0:17:05]}
52. Ke3 {[%clk 0:39:20]} 52... Bd7 {[%clk 0:15:13]} 53. Be2+ {[%clk 0:39:04]}
53... Kc5 {[%clk 0:15:30]} 54. b4+ {[%clk 0:38:35]} 54... Kb6 {[%clk 0:15:36]}
55. Bc4 {[%clk 0:37:21]} 55... Ba4 {[%clk 0:15:05]} 56. Bxf7 {[%clk 0:36:14]}
56... Bxc2 {[%clk 0:15:14]} 57. Bxa2 {[%clk 0:36:33]} 57... Bxe4 { [%clk
0:15:01]} 58. Bb3 {[%clk 0:36:29]} 58... Bxg2 {[%clk 0:14:30]} 59. Bc2 { [%clk
0:36:32]} 59... g5 {[%clk 0:14:31]} 0-1

[Event "DEM U16w 2018"]
[Site "Willingen GER"]
[Date "2018.05.26"]
[Round "9"]
[White "Schulze, Lara"]
[Black "Bui, Ngoc Han Julia"]
[Result "1-0"]
[Termination "normal"]
[Board "2"]
[WhiteTitle "WFM"]
[WhiteElo "2184"]
[BlackElo "1859"]
[WhiteClock "00:04:17"]
[BlackClock "00:00:41"]
[PlyCount "61"]
[WhiteFideId "12956830"]
[BlackFideId "12977055"]
[EventCountry "GER"]
[EventRounds "9"]
[EventType "swiss"]
[EventDate "2018.05.19"]

1. e4 {[%clk 1:30:58]} 1... c5 {[%clk 1:30:55]} 2. Nf3 {[%clk 1:31:23]} 2... d6
{[%clk 1:31:20]} 3. Bb5+ {[%clk 1:31:48]} 3... Nc6 {[%clk 1:31:43]} 4. O-O {
[%clk 1:31:57]} 4... Bd7 {[%clk 1:32:00]} 5. Re1 {[%clk 1:32:07]} 5... e6 {
[%clk 1:27:27]} 6. c3 {[%clk 1:29:14]} 6... a6 {[%clk 1:06:59]} 7. Bf1 { [%clk
1:22:08]} 7... Nf6 {[%clk 1:03:37]} 8. d4 {[%clk 1:21:07]} 8... cxd4 { [%clk
1:01:32]} 9. cxd4 {[%clk 1:21:13]} 9... Be7 {[%clk 1:01:06]} 10. Nc3 { [%clk
1:16:24]} 10... O-O {[%clk 0:56:56]} 11. d5 {[%clk 1:11:06]} 11... Nb8 { [%clk
0:50:28]} 12. Qb3 {[%clk 1:01:01]} 12... exd5 {[%clk 0:41:55]} 13. exd5 { [%clk
0:59:16]} 13... Bc8 {[%clk 0:41:03]} 14. Bf4 {[%clk 0:47:25]} 14... Nh5 { [%clk
0:35:15]} 15. Be3 {[%clk 0:44:59]} 15... Nd7 {[%clk 0:33:42]} 16. a4 { [%clk
0:41:32]} 16... Nc5 {[%clk 0:29:29]} 17. Bxc5 {[%clk 0:37:54]} 17... dxc5
{[%clk 0:29:52]} 18. Ne4 {[%clk 0:36:03]} 18... Nf6 {[%clk 0:23:49]} 19. Nxf6+
{[%clk 0:22:58]} 19... Bxf6 {[%clk 0:24:11]} 20. Ne5 {[%clk 0:21:32]} 20... Qd6
{[%clk 0:18:33]} 21. f4 {[%clk 0:20:44]} 21... Bd7 {[%clk 0:16:43]} 22. Bd3 {
[%clk 0:14:00]} 22... Rab8 {[%clk 0:12:40]} 23. a5 {[%clk 0:12:28]} 23... Rfe8
{[%clk 0:11:23]} 24. Qc3 {[%clk 0:09:54]} 24... Re7 {[%clk 0:07:42]} 25. Rac1 {
[%clk 0:06:46]} 25... Qxd5 {[%clk 0:07:07]} 26. Qxc5 {[%clk 0:05:11]} 26...
Qxc5+ {[%clk 0:06:17]} 27. Rxc5 {[%clk 0:05:39]} 27... Rbe8 {[%clk 0:05:30]}
28. Rc7 {[%clk 0:04:31]} 28... Bxe5 {[%clk 0:04:40]} 29. Rxe5 {[%clk 0:03:59]}
29... Rxe5 {[%clk 0:02:27]} 30. fxe5 {[%clk 0:04:28]} 30... Bc6 {[%clk 0:00:41]
} 31. Bc4 {[%clk 0:04:17]} 1-0

[Event "DEM U16w 2018"]
[Site "Willingen GER"]
[Date "2018.05.26"]
[Round "9"]
[White "Reitz, Theresa"]
[Black "Berelowitsch, Dana"]
[Result "1/2-1/2"]
[Termination "normal"]
[Board "3"]
[WhiteElo "1772"]
[BlackElo "1698"]
[WhiteClock "00:00:36"]
[BlackClock "00:07:24"]
[PlyCount "71"]
[WhiteFideId "12971901"]
[BlackFideId "12977144"]
[EventCountry "GER"]
[EventRounds "9"]
[EventType "swiss"]
[EventDate "2018.05.19"]

1. Nf3 {[%clk 1:30:56]} 1... d5 {[%clk 1:30:40]} 2. g3 {[%clk 1:31:19]} 2...
Nf6 {[%clk 1:30:34]} 3. Bg2 {[%clk 1:31:37]} 3... c5 {[%clk 1:30:17]} 4. O-O {
[%clk 1:31:45]} 4... Nc6 {[%clk 1:29:47]} 5. d4 {[%clk 1:31:57]} 5... cxd4 {
[%clk 1:28:31]} 6. Nxd4 {[%clk 1:32:07]} 6... e5 {[%clk 1:28:44]} 7. Nxc6 {
[%clk 1:32:23]} 7... bxc6 {[%clk 1:29:07]} 8. c4 {[%clk 1:32:12]} 8... Be7 {
[%clk 1:24:34]} 9. Bg5 {[%clk 1:24:10]} 9... Be6 {[%clk 1:22:51]} 10. Nc3 {
[%clk 1:19:21]} 10... e4 {[%clk 1:15:34]} 11. Qc2 {[%clk 1:11:03]} 11... O-O {
[%clk 1:12:39]} 12. Rad1 {[%clk 1:06:39]} 12... Qa5 {[%clk 1:09:19]} 13. Kh1 {
[%clk 0:53:34]} 13... h6 {[%clk 1:06:49]} 14. Be3 {[%clk 0:50:59]} 14... Ng4 {
[%clk 0:58:34]} 15. Bd4 {[%clk 0:44:33]} 15... c5 {[%clk 0:53:46]} 16. cxd5 {
[%clk 0:37:19]} 16... cxd4 {[%clk 0:52:36]} 17. Qxe4 {[%clk 0:27:18]} 17...
dxc3 {[%clk 0:40:21]} 18. dxe6 {[%clk 0:27:31]} 18... f5 {[%clk 0:37:20]} 19.
Qb7 {[%clk 0:24:48]} 19... c2 {[%clk 0:34:08]} 20. Rc1 {[%clk 0:22:28]} 20...
Qd2 {[%clk 0:29:31]} 21. Qxe7 {[%clk 0:09:20]} 21... Nxf2+ {[%clk 0:29:30]} 22.
Kg1 {[%clk 0:05:57]} 22... Nd1 {[%clk 0:28:27]} 23. Rxc2 {[%clk 0:02:33]} 23...
Qxc2 {[%clk 0:28:42]} 24. Bxa8 {[%clk 0:02:52]} 24... Rxa8 {[%clk 0:25:41]} 25.
Qb7 {[%clk 0:00:39]} 25... Rf8 {[%clk 0:17:10]} 26. Qxa7 {[%clk 0:00:49]} 26...
Qxe2 {[%clk 0:16:14]} 27. e7 {[%clk 0:00:38]} 27... Re8 {[%clk 0:15:21]} 28.
Qd7 {[%clk 0:00:31]} 28... Rxe7 {[%clk 0:12:05]} 29. Qxd1 {[%clk 0:00:31]}
29... Qe3+ {[%clk 0:10:00]} 30. Kh1 {[%clk 0:00:51]} 30... Qe4+ {[%clk 0:09:12]
} 31. Qf3 {[%clk 0:01:04]} 31... Qc4 {[%clk 0:06:38]} 32. Qxf5 {[%clk 0:00:32]}
32... Re2 {[%clk 0:06:03]} 33. Qf8+ {[%clk 0:00:54]} 33... Kh7 {[%clk 0:06:27]}
34. Qf5+ {[%clk 0:00:46]} 34... Kg8 {[%clk 0:06:56]} 35. Qf8+ {[%clk 0:00:36]}
35... Kh7 {[%clk 0:07:24]} 36. Qf5+ 1/2-1/2

[Event "DEM U16w 2018"]
[Site "Willingen GER"]
[Date "2018.05.26"]
[Round "9"]
[White "Wong, Kar Yan"]
[Black "Mönster, Madita"]
[Result "1-0"]
[Termination "normal"]
[Board "4"]
[WhiteElo "1746"]
[BlackElo "1857"]
[WhiteClock "01:00:49"]
[BlackClock "00:13:34"]
[PlyCount "109"]
[WhiteFideId "12971855"]
[BlackFideId "12947156"]
[EventCountry "GER"]
[EventRounds "9"]
[EventType "swiss"]
[EventDate "2018.05.19"]

1. d4 {[%clk 1:30:57]} 1... Nf6 {[%clk 1:30:49]} 2. Nf3 {[%clk 1:31:25]} 2...
d5 {[%clk 1:31:01]} 3. c4 {[%clk 1:31:51]} 3... e6 {[%clk 1:30:30]} 4. Nc3 {
[%clk 1:32:17]} 4... Bb4 {[%clk 1:30:25]} 5. cxd5 {[%clk 1:32:23]} 5... exd5 {
[%clk 1:29:35]} 6. Bg5 {[%clk 1:26:14]} 6... O-O {[%clk 1:26:34]} 7. Rc1 {
[%clk 1:26:13]} 7... Bf5 {[%clk 1:20:04]} 8. e3 {[%clk 1:25:28]} 8... c6 {
[%clk 1:12:13]} 9. Bd3 {[%clk 1:24:47]} 9... Bxd3 {[%clk 1:09:35]} 10. Qxd3 {
[%clk 1:25:10]} 10... Nbd7 {[%clk 1:08:49]} 11. a3 {[%clk 1:22:33]} 11... Be7 {
[%clk 1:05:29]} 12. O-O {[%clk 1:22:10]} 12... Nb6 {[%clk 0:49:06]} 13. b4 {
[%clk 1:16:43]} 13... Nc4 {[%clk 0:41:20]} 14. Bxf6 {[%clk 1:15:40]} 14... Bxf6
{[%clk 0:41:33]} 15. a4 {[%clk 1:15:47]} 15... Rc8 {[%clk 0:39:37]} 16. Nd2 {
[%clk 1:10:53]} 16... Nxd2 {[%clk 0:34:54]} 17. Qxd2 {[%clk 1:11:19]} 17... Be7
{[%clk 0:31:41]} 18. Qb2 {[%clk 1:11:03]} 18... Bd6 {[%clk 0:28:01]} 19. g3 {
[%clk 1:09:36]} 19... f5 {[%clk 0:22:58]} 20. Qb3 {[%clk 1:07:32]} 20... Kh8 {
[%clk 0:21:50]} 21. b5 {[%clk 0:50:43]} 21... Rf6 {[%clk 0:19:08]} 22. f4 {
[%clk 0:47:47]} 22... Qe8 {[%clk 0:18:15]} 23. Nd1 {[%clk 0:48:03]} 23... Rb8 {
[%clk 0:12:48]} 24. Nb2 {[%clk 0:46:40]} 24... a6 {[%clk 0:11:54]} 25. Rfe1 {
[%clk 0:45:07]} 25... axb5 {[%clk 0:10:32]} 26. axb5 {[%clk 0:45:33]} 26... Ra8
{[%clk 0:10:33]} 27. Ra1 {[%clk 0:41:54]} 27... Re6 {[%clk 0:09:28]} 28. Rxa8 {
[%clk 0:42:00]} 28... Qxa8 {[%clk 0:09:53]} 29. bxc6 {[%clk 0:41:54]} 29...
bxc6 {[%clk 0:10:15]} 30. Nd3 {[%clk 0:38:43]} 30... Re7 {[%clk 0:07:53]} 31.
Ne5 {[%clk 0:38:29]} 31... c5 {[%clk 0:05:36]} 32. dxc5 {[%clk 0:37:40]} 32...
Bxc5 {[%clk 0:05:54]} 33. Qd3 {[%clk 0:37:43]} 33... Qa5 {[%clk 0:02:52]} 34.
Rb1 {[%clk 0:37:40]} 34... Qc7 {[%clk 0:02:52]} 35. Kg2 {[%clk 0:37:25]} 35...
Re8 {[%clk 0:02:30]} 36. Re1 {[%clk 0:35:54]} 36... Bd6 {[%clk 0:00:59]} 37.
Nf3 {[%clk 0:35:32]} 37... Qf7 {[%clk 0:00:47]} 38. Ng5 {[%clk 0:35:53]} 38...
Qb7 {[%clk 0:00:54]} 39. Qxf5 {[%clk 0:35:44]} 39... d4+ {[%clk 0:00:39]} 40.
e4 {[%clk 0:35:28]} 40... g6 {[%clk 0:00:33]} 41. Qf6+ {[%clk 0:35:32]} 41...
Kg8 {[%clk 0:29:04]} 42. Qxd6 {[%clk 1:06:16]} 42... Qb2+ {[%clk 0:26:03]} 43.
Kh3 {[%clk 1:06:04]} 43... Qc3 {[%clk 0:20:24]} 44. Qd7 {[%clk 1:05:23]} 44...
Qc8 {[%clk 0:19:35]} 45. Qxc8 {[%clk 1:05:49]} 45... Rxc8 {[%clk 0:20:01]} 46.
Rd1 {[%clk 1:06:14]} 46... Rd8 {[%clk 0:17:55]} 47. Ne6 {[%clk 1:05:11]} 47...
Re8 {[%clk 0:18:01]} 48. f5 {[%clk 1:05:29]} 48... gxf5 {[%clk 0:17:58]} 49.
exf5 {[%clk 1:05:56]} 49... Kf7 {[%clk 0:17:46]} 50. Rxd4 {[%clk 1:06:05]}
50... Kf6 {[%clk 0:17:45]} 51. g4 {[%clk 1:03:05]} 51... Ra8 {[%clk 0:16:50]}
52. Kg3 {[%clk 1:01:27]} 52... h5 {[%clk 0:16:21]} 53. h3 {[%clk 1:01:28]}
53... Rh8 {[%clk 0:15:08]} 54. Kf4 {[%clk 1:00:26]} 54... hxg4 {[%clk 0:13:34]}
55. hxg4 {[%clk 1:00:49]} 1-0

[Event "DEM U16w 2018"]
[Site "Willingen GER"]
[Date "2018.05.26"]
[Round "9"]
[White "Fock, Amina"]
[Black "Ehmann, Johanna"]
[Result "0-1"]
[Termination "normal"]
[Board "5"]
[WhiteElo "1789"]
[BlackElo "1899"]
[WhiteClock "00:33:46"]
[BlackClock "00:34:34"]
[PlyCount "66"]
[WhiteFideId "12981982"]
[BlackFideId "12953130"]
[EventCountry "GER"]
[EventRounds "9"]
[EventType "swiss"]
[EventDate "2018.05.19"]

1. e4 {[%clk 1:30:59]} 1... e5 {[%clk 1:30:55]} 2. Nf3 {[%clk 1:31:25]} 2...
Nc6 {[%clk 1:31:20]} 3. Bb5 {[%clk 1:31:50]} 3... a6 {[%clk 1:31:45]} 4. Ba4 {
[%clk 1:32:15]} 4... Nf6 {[%clk 1:32:08]} 5. d3 {[%clk 1:32:40]} 5... b5 {
[%clk 1:32:29]} 6. Bb3 {[%clk 1:33:03]} 6... Be7 {[%clk 1:32:38]} 7. c3 { [%clk
1:33:09]} 7... d6 {[%clk 1:32:57]} 8. O-O {[%clk 1:33:25]} 8... O-O { [%clk
1:33:21]} 9. Re1 {[%clk 1:33:31]} 9... Na5 {[%clk 1:33:24]} 10. Bc2 { [%clk
1:33:46]} 10... c5 {[%clk 1:33:35]} 11. Nbd2 {[%clk 1:33:51]} 11... Nc6 { [%clk
1:33:57]} 12. Nf1 {[%clk 1:33:54]} 12... Re8 {[%clk 1:33:38]} 13. Ng3 { [%clk
1:33:16]} 13... h6 {[%clk 1:33:30]} 14. h3 {[%clk 1:33:06]} 14... Bf8 { [%clk
1:33:40]} 15. d4 {[%clk 1:31:15]} 15... cxd4 {[%clk 1:33:55]} 16. cxd4 { [%clk
1:31:39]} 16... exd4 {[%clk 1:34:17]} 17. Nxd4 {[%clk 1:32:02]} 17... Nxd4
{[%clk 1:34:41]} 18. Qxd4 {[%clk 1:32:24]} 18... Be6 {[%clk 1:34:55]} 19. Bf4
{[%clk 1:29:44]} 19... d5 {[%clk 1:35:09]} 20. e5 {[%clk 1:27:38]} 20... Nd7
{[%clk 1:32:35]} 21. Qd3 {[%clk 1:26:39]} 21... g6 {[%clk 1:32:45]} 22. Qd2
{[%clk 1:20:19]} 22... Kh7 {[%clk 1:30:15]} 23. Rad1 {[%clk 1:06:59]} 23... a5
{[%clk 1:25:54]} 24. Qe2 {[%clk 1:02:08]} 24... Qh4 {[%clk 1:18:47]} 25. Bd2 {
[%clk 0:59:58]} 25... b4 {[%clk 1:09:16]} 26. Nh5 {[%clk 0:49:06]} 26... Bc5 {
[%clk 1:02:22]} 27. Nf4 {[%clk 0:48:03]} 27... Nb6 {[%clk 0:52:39]} 28. g3 {
[%clk 0:39:34]} 28... Qxg3+ {[%clk 0:47:35]} 29. Kf1 {[%clk 0:37:29]} 29...
Bxh3+ {[%clk 0:47:10]} 30. Nxh3 {[%clk 0:37:54]} 30... Qxh3+ {[%clk 0:47:30]}
31. Kg1 {[%clk 0:38:18]} 31... h5 {[%clk 0:40:57]} 32. Bf4 {[%clk 0:37:08]}
32... Qh4 {[%clk 0:34:51]} 33. Bg3 {[%clk 0:33:46]} 33... Qxg3+ {[%clk 0:34:34]
} 0-1